| 000 | 00365cam a2200157ua 4500 | ||
|---|---|---|---|
| 003 | OSt | ||
| 008 | 250310b |||||||| |||| 00| 0 eng d | ||
| 041 | _aeng | ||
| 082 |
_a621.801 _bBAL/TH |
||
| 100 |
_aBallaney, P.L . _9628 |
||
| 245 | _aTheory of Machines / | ||
| 250 | _a14 / | ||
| 260 |
_a : _bKhanna publishers , _c1985. |
||
| 300 | _a1310 ; . | ||
| 942 | _cBK | ||
| 999 |
_c1321 _d1321 |
||